| 000 | 01988nam a22002297a 4500 | ||
|---|---|---|---|
| 999 |
_c22059 _d22059 |
||
| 003 | AR-CdUCM | ||
| 008 | 190425b ||||| |||| 00| 0 spa d | ||
| 040 |
_aMUNICIPALIDAD PROVINCIAL DEL CUSCO _cBIBLIOTECA MUNICIPAL DEL CUSCO |
||
| 082 | _aCsyArts/N°4/1966 | ||
| 245 |
_aCiencias y Artes : _bRevista Cultural del colegio Nacional de Ciencias / |
||
| 260 |
_aCusco. _bGarcilaso, _c1966. |
||
| 300 |
_a280 páginas. : _c24 cm. |
||
| 440 |
_aRevista Cultural del Colegio Nacional de Ciencias. _nNúmero 4, 1966. _947316 |
||
| 505 | _aContenido: Los padres de familia frente a la educación actual. Cesar Rojas. -- José Gálvez Egusquiza. Alcides F. Estrada. -- Concepción del mestizo americano. Alfredo Yépez Miranda. -- El burro en la tradición cienciana y resumen histórico del colegio. Max Galdo Gamio. -- Homenaje a Tupac Amaru II. Cesar Sánchez Esquivel. -- Calca y el centenario del dos de mayo. Alcides F. Estrada. -- Las ideas generales. Moisés Tello Palomino. -- Costumbres de mi tierra. Miguel Sotomayor. -- Tupac Amaru II precursor de la independencia de América. Mario >Chavarría. -- José Marti la danza de un hombre en busca de la libertad. Luis Velazco Aragón. -- Algunas consideraciones sobre el proceso enseñanza aprendizaje. Víctor Segovia. -- Una deuda de los ciencianos con el plantel. Rafael Calderón. -- El Arte y la educación artística. Eduardo Pimentel. -- La vieja casa cienciana. Luis Felipe Paredes. -- El Tuco cuento regional premiado en Buenos Aires. Humberto Pacheco P. -- Palabras de despedida por el alumno Alipio León Abarca. -- Clorinda Matto de Turner. Edmundo Pimentel. -- La promoción cienciana de 1920. Julio G. Gutiérrez. -- Tres cantos a las glorias de ciencias. Ángel Avendaño.... | ||
| 650 |
_aEducación _9460 |
||
| 650 |
_aColegio Nacional de Ciencias _932159 |
||
| 700 |
_aEstrada, Alcides _947179 |
||
| 700 |
_aGaldo Gamio, Max _947317 |
||
| 700 |
_aYépez Miranda, Alfredo _94230 |
||
| 942 |
_2ddc _cPP |
||
| 945 | _arac | ||